New Zealand Rugby All Blacks - Never lost at a World Cup - Statistics

General Stats
  • This quiz has been taken 70 times
    30 since last reset
  • The average score is 4 of 6
Answer Stats
RWC Games Played World Cups Player % Correct
11 2015, 2019 Ben Smith
80%
15 2007, 2011, 2015 Conrad Smith
80%
14 2011, 2015 Jerome Kaino
76%
15 2003, 2011, 2015 Ma'a Nonu
76%
10 2011, 2015 Victor Vito
40%
13 2011, 2015 Owen Franks
36%
No matching quizzes found
Score Distribution
Percent of People with Each Score
Percentile by Number Answered
Your Score History
You have not taken this quiz since the last reset